Faculty of Law Library — Cairo University

Official Online Catalog

Essai Sur Le Système Anglais De Conflits De Lois en Matière De Successions / (Record no. 51284)

MARC details
000 -LEADER
fixed length control field 01282nam a2200337 i 4500
003 - CONTROL NUMBER IDENTIFIER
control field EG-GICUC
005 - DATE AND TIME OF LATEST TRANSACTION
control field 20260121101518.0
008 - FIXED-LENGTH DATA ELEMENTS--GENERAL INFORMATION
fixed length control field 251217s1936 fr ||||fr|||| 000 0 fre d
040 ## - CATALOGING SOURCE
Original cataloging agency EG-GiCUC
Language of cataloging fre
Transcribing agency EG-GiCUC
Modifying agency EG-GiCUC
Description conventions Rda
041 ## - LANGUAGE CODE
Language code of text/sound track or separate title fre
082 04 - DEWEY DECIMAL CLASSIFICATION NUMBER
Edition number 21
Classification number 341.84
Item number DE . E
092 04 - LOCALLY ASSIGNED DEWEY CALL NUMBER (OCLC)
Edition number 21
099 ## - LOCAL FREE-TEXT CALL NUMBER (OCLC)
Classification number Law1 12 341.84 1936
100 1# - MAIN ENTRY--PERSONAL NAME
Personal name Depitre, Marthe,
Relator term Auteur
245 10 - TITLE STATEMENT
Title Essai Sur Le Système Anglais De Conflits De Lois en Matière De Successions /
Statement of responsibility, etc. par Marthe Depitre,.
264 #1 - PRODUCTION, PUBLICATION, DISTRIBUTION, MANUFACTURE, AND COPYRIGHT NOTICE
Place of production, publication, distribution, manufacture Paris :
Name of producer, publisher, distributor, manufacturer A. Rousseau,
Date of production, publication, distribution, manufacture, or copyright notice 1936.
300 ## - PHYSICAL DESCRIPTION
Extent 166 pages ;
Dimensions 24 cm.
336 ## - CONTENT TYPE
Source rda contenu
Content type term texte
337 ## - MEDIA TYPE
Source rda medias
Media type term Ordinateur
338 ## - CARRIER TYPE
Source transporteur rda
Carrier type term Ressource en ligne
490 0# - SERIES STATEMENT
Volume/sequential designation Collection d'études théoriques & pratiques de droit étranger, de droit comparé & de droit international, L-XXI.
500 ## - GENERAL NOTE
General note Publications de l'institut de droit comparé de l'université de Paris.
504 ## - BIBLIOGRAPHY, ETC. NOTE
Bibliography, etc. note Include Bibliography: pages 154-160. And Bibliographic references
546 ## - LANGUAGE NOTE
Language note Texte en français
650 14 - SUBJECT ADDED ENTRY--TOPICAL TERM
Topical term or geographic name entry element Conflit de lois
General subdivision Droit international privé
650 14 - SUBJECT ADDED ENTRY--TOPICAL TERM
Topical term or geographic name entry element Héritage et succession
651 1# - SUBJECT ADDED ENTRY--GEOGRAPHIC NAME
Source of heading or term qrmak
856 40 - ELECTRONIC LOCATION AND ACCESS
Uniform Resource Identifier <a href="https://fll.law.cu.edu.eg/fulltext/bks/B12-01632.pdf">https://fll.law.cu.edu.eg/fulltext/bks/B12-01632.pdf</a>
905 ## - Cataloger and Reviser Names
Cataloger Name: Rawan khaled
Revisor Name: Hassnaa
942 ## - ADDED ENTRY ELEMENTS (KOHA)
Source of classification or shelving scheme Dewey Decimal Classification
Suppress in OPAC No
Koha item type Books
Edition 21
Holdings
Withdrawn status Lost status Source of classification or shelving scheme Damaged status Not for loan Collection Home library Current library Date acquired Total checkouts Full call number Barcode Date last seen Copy number Price effective from Koha item type
    Dewey Decimal Classification   Not for loan القانون الدولي الخاص جــــامعة القــاهرة مكتبة كلية الحقوق - المبنى الرئيسي 17.12.2025   Law1 12 341.84 341.84 1936 1201632 C1 B12-01632 17.12.2025 1 17.12.2025 Books

© All rights reserved — Faculty of Law, Cairo University